Drapeaux en 15 secondes #5 - Statistiques

Statistiques générales
  • Ce quiz a été pris 194 fois
  • Le résultat moyen est 5 sur 15
Statistiques - réponses
Hint Réponse % Correct
Cuba 🇨🇺
48%
Barbade 🇧🇧
41%
Costa rica 🇨🇷
39%
Jamaïque 🇯🇲
39%
Antigua-et-barbuda 🇦🇬
39%
Haïti 🇭🇹
37%
Grenade 🇬🇩
36%
Panama 🇵🇦
35%
Trinité-et-tobago 🇹🇹
35%
Salvador 🇸🇻
29%
Bahamas 🇧🇸
24%
Dominique 🇩🇲
24%
République dominicaine 🇩🇴
21%
Sainte-Lucie 🇱🇨
16%
Saint-Christophe-et-Niévès 🇰🇳
11%
Aucun quiz correspondant
Distribution des résultats
% des personnes avec chaque résultat
Percentile par nombre de réponses
Votre historique - résultats
Vous n’avez pas pris ce quiz